| 000 | 00609aam a2200229 4500 | ||
|---|---|---|---|
| 005 | 20260417154145.0 | ||
| 008 | 150720b1978 xxu||||| |||| 00| 0 spa d | ||
| 041 | _aESP | ||
| 082 | _a365 SI623s | ||
| 245 | _aSistemas de tratamiento y capacitación penitenciarios | ||
| 260 | _aCosta Rica | ||
| 260 | _bImprenta Nacional | ||
| 260 | _c1978 | ||
| 300 | _a203 páginas | ||
| 490 | _aInvestigación Criminal | ||
| 650 | _aPENITENCIARIAS | ||
| 650 | _aCOSTA RICA | ||
| 650 | _aTRATAMIENTO PENITENCIARIO | ||
| 650 | _aCAPACITACIÓN PENITENCIARIA | ||
| 650 | _aCENTROS DE ADOPTACIÓN | ||
| 942 |
_cBK _2ddc |
||
| 999 |
_c101 _d101 |
||